000 00584nam a2200217Ia 4500
003 OSt
005 20230919110053.0
008 210329s9999||||xx |||||||||||||| ||und||
020 _a1853836974
040 _cSTCPL
041 _aENG
082 _a581.63
_bANT-A
100 _aCunningham, Anthony B.
245 0 _aApplied ethnobotany :
_bPeople,wild plant use and conservation /
_cby Anthony B. Cunningham
260 _aLondon :
_bEarthscan Publications,
_c2001.
300 _a300 p.
_bPB
650 _aBotanical Sciences
650 _aEthnobotany
942 _cBK
942 _2ddc
999 _c46206
_d46206